000 00899nas a2200289 4500
001 BR7900338
003 BR-BrBNA
005 20231205083613.0
007 ta
008 230509b bl.|||p| |||| 00| 00por d
040 _aBR-BrBNA
_bpor
_cBiblioteca Nacional de Agricultura
041 _a(Pt)
072 _aH20
100 1 _aChagas, C.M.
100 1 _aGrill, M.
100 1 _aNoronha, A.B.
100 1 _aVicente, M.
245 1 _aSolanaceas silvestres como hospedeiros experimentais de virus. 1-Solanum ciliatum Lam., S. palinacanthum Dum. e S. viarum Dun.
650 _aDOENCA DE PLANTA
650 _aVIRUS
650 _aINOCULACAO
650 _aHOSPEDEIRO VEGETAL
650 _aPLANTA HOSPEDEIRA
773 0 _tArquivos do Instituto Biologico (Brazil)
_xISSN 0020-3653
_g(Jul 1978), v. 45(3) p. 177-182
_wBR7900338
909 _a202311
_bLúcia
_c55
_dLúcia Elande
942 _2AGRIS
_n0
_cANA
999 _c99982
_d99982